000 00659nam a22002057a 4500
005 20240306113538.0
010 _aENG-139555
020 _c1575.00
_a9789355010049
035 _aEN-123087
037 _bDBAD/PUB
082 _a547
_26
100 _aArun Bhal
_962864
245 _aAdvanced Organic Chemistry/
_cEdited by Arun Bahl
_hEnglish
260 _aNew Delhi
_bS Chand And Company Limited
_c2022
270 _b New Delhi
_aA-27, 2nd Floor, Mohan Co-operative Industrial Estate
_e10044
300 _a1483p.
_c24cm(dbk)
700 _962682
_aBahl, Arun
_eAuthor
700 _aBahl, B.S.
_eAuthor
_962865
942 _2ddc
_cEN
_h547
_mADV
_e6
999 _c201250
_d201250